| 000 | 00656nam a2200217Ii 4500 | ||
|---|---|---|---|
| 001 | 19321 | ||
| 003 | CO-ViMGA | ||
| 008 | 241108s9999||||xx |||||||||||||| ||und|| | ||
| 020 | _a9589285104 | ||
| 040 |
_aCO-ViMGA _bspa _erda _cCO-ViMGA |
||
| 041 | 0 | _aspa | |
| 082 | 0 | 4 | _aR 922.22 J67s |
| 100 | 1 |
_aLino Antonio Sevillano Quiñones _949597 |
|
| 245 | 1 | 0 |
_aSan José : _bmisionero y ministro de la buena nueva |
| 264 | 1 | _aBogotá, Colombia : Unión Gráfica, 2002 | |
| 300 | _avolumen | ||
| 336 |
_atext _btxt _2rdacontent |
||
| 337 |
_aunmediated _bn _2rdamedia |
||
| 338 |
_avolume _bnc _2rdacarrier |
||
| 940 | _aidficha_siabuc: 18978. -- ficha_no_siabuc:19321 | ||
| 999 |
_c44271 _d44271 |
||